Ş-2 DEFİNE ADASI (Record no. 1251719)
[ view plain ]
| 000 -LEADER | |
|---|---|
| sabit uzunluktaki kontrol alanı | 00246nam a2200097Ia 4500 |
| 001 - KONTROL NUMARASI | |
| kontrol alanı | 1251719 |
| 005 - EN SON İŞLEMİN TARİH VE ZAMANI | |
| kontrol alanı | 20251031150920.0 |
| 008 - SABİT-UZUNLUKTA VERİ ÖĞELERİ--GENEL BİLGİ | |
| sabit uzunluktaki kontrol alanı | 251031s9999 xx 000 0 und d |
| 245 #0 - ESER / YAZAR | |
| Yazar Adı | FAUSTO VITALLIANO |
| ESER ADI | Ş-2 DEFİNE ADASI |
| 260 ## - YAYIN, DAĞITIM, VB. | |
| YAYIN EVİ | BETA YAYINLARI |
| Düşüm durumu | Kayıp durumu | Hasar Durumu | Ödünç verilmez | Ana kütüphane | Geçerli Kütüphane | Edinilen tarih | Toplam ödünç verme sayısı | Tam yer numarası | Barkod | Son görüntüleme tarihi | Fiyatın geçerli olmaya başladığı tarih | Koha materyal türü |
|---|---|---|---|---|---|---|---|---|---|---|---|---|
| ŞEHİT BURAK GENÇ CELEP HAVA LOJMAN KÜTÜPHANESİ | ŞEHİT BURAK GENÇ CELEP HAVA LOJMAN KÜTÜPHANESİ | 30.10.2025 | Ş-2 / GENEL 2 | 11048690002014888 | 31.10.2025 | 31.10.2025 | Books |